| 000 | 01159nam a2200277 a 4500 | ||
|---|---|---|---|
| 001 | 000039058 | ||
| 005 | 20241206085813.0 | ||
| 008 | 110414s2007 dr f000 0 spa d | ||
| 040 |
_aDO-SdBNP _bspa _cBNPHU |
||
| 082 |
_a344.0328292 _bR426L, 2007 |
||
| 110 | 1 |
_aRepública Dominicana. _9447 |
|
| 240 | 1 | 0 | _a[Leyes, etc.] |
| 245 | 1 | 0 | _aLey 24-97 que modifica el Código Penal Dominicano y sanciona la violencia contra la mujer, doméstica e intrafamiliar. |
| 246 | 1 | 4 |
_aLey no. 24-97 : _bsobre violencia contra la mujer e intrafamiliar |
| 250 | _a7a. ed. | ||
| 260 |
_aSanto Domingo : _bSEM, _c2007. |
||
| 300 |
_a43 p. ; _c21 cm. |
||
| 590 | _aInventariado, 2019/MFF | ||
| 650 | 4 |
_aViolencia contra la mujer _xLegislación _zRepública Dominicana _956156 |
|
| 650 | 4 |
_aViolencia familiar _xLegislación _zRepública Dominicana _956157 |
|
| 650 | 4 |
_aViolencia infantil _zRepública Dominicana _965292 |
|
| 650 | 4 |
_aNiños _xSituación legal _zRepública Dominicana _964438 |
|
| 650 | 4 |
_aDerecho penal _zRepública Dominicana _916470 |
|
| 710 | 1 |
_aRepública Dominicana. _bSecretaría de Estado de la Mujer _938238 |
|
| 910 | _aValidado. Control de calidad MFF | ||
| 999 |
_c38548 _d38548 |
||